Zahraničný obchod SR
Z obsahu: Vlaňajšiu stagnáciu dovozu SR spôsobila menová reštrikcia, dovozná prirážka, kvóty i lacnejšia ropa. Dynamiku začína strácať aj slovenský vývoz. Najprv treba transparentnosť, politickú stabilitu a právnu istotu, až potom daňové úľavy.
Guardado en:
| Autor principal: | |
|---|---|
| Formato: | Libro |
| Lenguaje: | eslovaco |
| Materias: | |
| Etiquetas: |
Sin Etiquetas, Sea el primero en etiquetar este registro!
|
MARC
| LEADER | 00000nam a2200000 4500 | ||
|---|---|---|---|
| 001 | r030909 | ||
| 005 | 20230921083314.4 | ||
| 041 | 0 | |a slo | |
| 044 | |a SK | ||
| 245 | 1 | 0 | |a Zahraničný obchod SR |c Martin Barto |
| 520 | |a Z obsahu: Vlaňajšiu stagnáciu dovozu SR spôsobila menová reštrikcia, dovozná prirážka, kvóty i lacnejšia ropa. Dynamiku začína strácať aj slovenský vývoz. Najprv treba transparentnosť, politickú stabilitu a právnu istotu, až potom daňové úľavy. | ||
| 610 | 2 | 0 | |a obchod zahraničný |
| 610 | 2 | 0 | |a obrat obchodu zahraničného |
| 610 | 2 | 0 | |a dovoz |
| 610 | 2 | 0 | |a vývoz |
| 610 | 2 | 0 | |a prirážky dovozné |
| 610 | 2 | 0 | |a kvóty |
| 610 | 2 | 0 | |a ropa |
| 610 | 2 | 0 | |a stabilita politická |
| 610 | 2 | 0 | |a Slovensko |
| 100 | 1 | |a Barto, Martin | |